Statistics for 2022-2023 NHL Starting Goalies Native Countries

Click here to take the quiz!

General Stats

  • This quiz has been taken 123 times
  • The average score is 8 of 9

Answer Stats

HintAnswer% Correct
9Canada
100%
8United States
100%
5Russia
99%
3Finland
98%
1Sweden
98%
1Germany
83%
3Czechia
78%
1Denmark
75%
1Latvia
52%

Score Distribution

Percentile by Number Answered

Percent of People with Each Score

Your Score History

You have not taken this quiz